00586nam a22001937a 4500999001900000003000400019020001500023082001800038100002700056245004900083260003400132300001000166546001400176650001800190650002600208700002600234942001200260952012000272 c289957d289957OSt a8185499411 a891.2bVAN/MA aVankeswara Deekshithar aMahishasathakam:b/മഹിഷശതകം  aThiruvanathapurambKCHRc2011 a103p. aMalayalam aSanskrit Poem aMalayalam translation aKesavan Veluthat, Ed. 2ddccBK 00102ddc40708GenaKAUCLVbKAUCLVcGENERALd2022-10-21g150.00l0o891.2 VAN/MAp812046r2022-10-21 00:00:00yBK